Propuesta de conservación del conjunto urbano arquitectónico de la Basílica de nuestra señora de inmaculada concepción de la ciudad de el Viejo, Chinandega, Nicaragua
Presenta propuesta de conservación del conjunto urbano arquitectónico de la Basílica de nuestra señora de inmaculada, contiene marco teórico, caracterización de los aspectos funcionales, estilísticos, constructivos, estructurales, formales y espaciales de la Basílica y su conjunto urbano, ad...
| Main Authors: | , , |
|---|---|
| Other Authors: | |
| Format: | Tesis Section = Libro |
| Language: | Undetermined Spanish |
| Published: |
Managua
UNI
2011
|
| Subjects: |
| LEADER | 01438nam a2200253Ia 4500 | ||
|---|---|---|---|
| 008 | 240830s9999 xx 000 0 und d | ||
| 040 | |a BIBLIOTECA-RUSB/ T.Mon 726.5 L533 | ||
| 041 | |a spa | ||
| 082 | |a T.Mon 726.5 L533 | ||
| 100 | 1 | |a Leiva López, Alexandra Verónica | |
| 100 | 1 | |b Leiva Moran, Daphne Ivonne | |
| 100 | 1 | |c Salazar Sáenz, Olga Mariel | |
| 245 | 1 | 0 | |a Propuesta de conservación del conjunto urbano arquitectónico de la Basílica de nuestra señora de inmaculada concepción de la ciudad de el Viejo, Chinandega, Nicaragua |
| 260 | |a Managua |b UNI |c 2011 | ||
| 300 | |a 225 p. :il. | ||
| 502 | |a Tesis (Arquitecto) - UNI, 2011. | ||
| 520 | 3 | |a Presenta propuesta de conservación del conjunto urbano arquitectónico de la Basílica de nuestra señora de inmaculada, contiene marco teórico, caracterización de los aspectos funcionales, estilísticos, constructivos, estructurales, formales y espaciales de la Basílica y su conjunto urbano, además muestra un diagnóstico de la Basílica y su conjunto urbano para establecer las posibles causas y afectaciones de su deterioro. | |
| 650 | 7 | |a ARQUITECTURA TEMPLOS ESTUDIO ARQUITECTÓNICO - MONUMENTO HISTÓRICO | |
| 650 | 7 | |b ARQUITECTURA RELIGIOSA - PLANOS ARQUITECTONCOS | |
| 650 | 7 | |c ARQUITECTURA - COSERVACIÓN - PRESERVACIÓN Y RESTAURACIÓN | |
| 700 | 1 | |a Tutor: |b García Romano, Porfirio | |
| 942 | |c BK |2 ddc | ||
| 991 | |a TESIS | ||
| 999 | |c 22072 | ||